000 00297nam a22001337a 4500
008 170504b xxu||||| |||| 00| 0 eng d
020 _a9780495810995
041 _aeng
080 _27 ED
_a343.9
100 _a14
101 _aSHJ
245 _aCRIMINAL JUSTICE
_cSIEGEL.L.J
942 _2udc
_cBK
999 _c12690
_d12690